000 00306nam a2200133Ia 4500
005 20251222143121.0
008 251222s9999||||xx |||||||||||||| ||spa||
020 _a84-339-6877-7
082 _a869.26/P55U
100 _aPiglia, Ricardo
245 0 _aEl Ăšltimo Lector
264 _bAnagrana
942 _cLIB
999 _c11539
_d11539